Suite du répertoire du théâtre français, avec un choix des pièces de plusieurs autres théâtres. (Record no. 169848)
[ view plain ]
| 000 -LEADER | |
|---|---|
| campo de control de longitud fija | 01511nam a2200301 i 4500 |
| 001 - NÚMERO DE CONTROL | |
| campo de control | 169848 |
| 003 - IDENTIFICADOR DE NÚMERO DE CONTROL | |
| campo de control | ES-MaACL |
| 005 - FECHA Y HORA DE LA ÚLTIMA TRANSACCIÓN | |
| campo de control | 20250927110311.0 |
| 008 - DATOS DE LONGITUD FIJA--INFORMACIÓN GENERAL | |
| campo de control de longitud fija | 081204s1823 fr |||| | fre d |
| 080 ## - NÚMERO DE LA CLASIFICACIÓN DECIMAL UNIVERSAL | |
| Número de la Clasificación Decimal Universal | 821.133.1-293 |
| 245 00 - MENCIÓN DEL TÍTULO | |
| Título | Suite du répertoire du théâtre français, avec un choix des pièces de plusieurs autres théâtres. |
| Nombre de parte o sección de la obra | Vaudevilles. |
| Número de parte o sección de la obra | VI / |
| Mención de responsabilidad, etc. | arrangées et mises en ordre par M. Lepeintre. |
| 260 ## - PUBLICACIÓN, DISTRIBUCIÓN, ETC. | |
| Lugar de publicación, distribución, etc. | Paris : |
| Nombre del editor, distribuidor, etc. | Mme Veuve Dabo, |
| Fecha de publicación, distribución, etc. | 1823 ( |
| Fabricante | Senlis) |
| 300 ## - DESCRIPCIÓN FÍSICA | |
| Extensión | 319, 67 p. ; |
| Dimensiones | 14 cm. |
| 490 1# - MENCIÓN DE SERIE | |
| Mención de serie | Suite du répertoire du théatre français ; |
| Designación de volumen o secuencia | 81 |
| 500 ## - NOTA GENERAL | |
| Nota general | Índices. |
| 501 ## - NOTA DE CON | |
| Nota de "Con" | Con: Table alphabétique des titres des piéces et des noms des auteurs ... du Répertoire, et ... Suite du répertoire. - Paris : Mme Veuve Dabo, 1823. - 67 p. |
| 505 8# - NOTA DE CONTENIDO CON FORMATO | |
| Nota de contenido con formato | Contiene: ; |
| Título | Le mariage de Scarron ; Sophie Arnoult / |
| Mención de responsabilidad | par MM. Barré, Radet et Desfontaines. -- |
| Título | Florian / |
| Mención de responsabilidad | MM. Boully et Pain. -- |
| Título | Ninon, Molière et Tartuffe / |
| Mención de responsabilidad | par M. Simon. |
| 700 1# - ENTRADA AGREGADA--NOMBRE PERSONAL | |
| Nombre de persona | Barré, Pierre-Yves. |
| 9 (RLIN) | 139012 |
| 700 1# - ENTRADA AGREGADA--NOMBRE PERSONAL | |
| Nombre de persona | Radet, Jean-Baptiste. |
| 9 (RLIN) | 139016 |
| 700 1# - ENTRADA AGREGADA--NOMBRE PERSONAL | |
| Nombre de persona | Desfontaines, François-Georges. |
| 9 (RLIN) | 139015 |
| 700 0# - ENTRADA AGREGADA--NOMBRE PERSONAL | |
| Nombre de persona | Bouilly, Jean Nicolas. |
| 9 (RLIN) | 30886 |
| 700 1# - ENTRADA AGREGADA--NOMBRE PERSONAL | |
| Nombre de persona | Pain, Joseph-Marie. |
| 9 (RLIN) | 139026 |
| 700 1# - ENTRADA AGREGADA--NOMBRE PERSONAL | |
| Nombre de persona | Simon, Henri. |
| 9 (RLIN) | 139027 |
| 700 1# - ENTRADA AGREGADA--NOMBRE PERSONAL | |
| Nombre de persona | Lepeintre-Desroches, Pierre-Marie-Michel, |
| Fechas asociadas al nombre | 1785-1847 |
| 9 (RLIN) | 138972 |
| 830 0# - PUNTO DE ACCESO ADICIONAL DE SERIE-TÍTULO UNIFORME | |
| Título uniforme | Suite du répertoire du théatre français ; |
| Designación de volumen o secuencia | 81 |
| 9 (RLIN) | 188890 |
| 852 4# - LOCALIZACIÓN | |
| Ubicación | ES-MaACL |
| Número de control de estantería | E-12319 |
| itemnumber | R.190455 |
| Nota libre | - Biblioteca Jacinto Martínez Lacalle |
| Estatus retirado | Estado de pérdida | Estado de daño | No para préstamo | Colección | Biblioteca de origen | Biblioteca actual | Ubicación en estantería | Fecha de adquisición | Fuente de adquisición | Total de préstamos | Signatura topográfica completa | Código de barras | Visto por última vez | Precio de reemplazo | Tipo de ítem Koha |
|---|---|---|---|---|---|---|---|---|---|---|---|---|---|---|---|
| Libros del s. XIX | Biblioteca del Ateneo de Madrid | Biblioteca del Ateneo de Madrid | Depósito 2 | 04/12/2008 | E-12319 | 1178321 | 23/02/2023 | 23/02/2023 | Libro impreso antiguo |
